000 00847nam a2200253 i 4500
001 40950
003 ES-MaACL
005 20250805055431.0
007 t|
008 030307s1982 sp ||||1| spa d
100 0 _aCarlos
_bII,
_cRey de España
_935303
245 1 0 _aTestamento de Carlos II /
_cCarlos II, Rey de España ; [transcripción paleográfica, José Luis de la Peña ; introducción Antonio Domínguez Ortiz].
250 _aEd. facs.
260 _a[Madrid :
_bEd. Nacional,
_c1982]
300 _aLVII, 209 p. ;
_c23 cm.
490 1 _aDocumenta
655 7 _2tgfbne
_9226495
_aFacsímiles
700 1 _aPeña, José Luis de la.
_990229
700 1 _aDomínguez Ortiz, Antonio,
_d1909-2003
_945233
830 0 _aDocumenta
_9178578
852 _aES-MaACL
_jL-4441
_bR.104828
942 _2udc
999 _c40950
_d40950